00538cam a2200169ua 4500001000500000005001700005008003900022040000900061082000800070100002600078245011000104260004400214300001000258653001800268653002500286653005700311600320260515113951.0131030n ii |||gr||||Z||||||eng cMAIN a973 aMatthiessen,eAuthor. aAmerican Renaissance : bArt and Expression in the Age of Emerson and whitman / cby F.O. Matthiessen .  aDelhi:bOxford University Press,c1973. a663p. aUnited States aAmerican Renaissance aArt and Expression in the Age of Emerson and Whitman